Microprocessor and microcontroller / (Record no. 41364)

MARC details
000 -LEADER
fixed length control field 00754nam a22002057a 4500
005 - DATE AND TIME OF LATEST TRANSACTION
control field 20100812140818.0
010 ## - LCCN (DPL NO)
LC control number ENG-100043
020 ## - INTERNATIONAL STANDARD BOOK NUMBER
International Standard Book Number 9789380406169
Terms of availability 95.00
035 ## - SYSTEM CONTROL NUMBER
System control number EN-83575
037 ## - SOURCE OF ACQUISITION
Source of stock number/acquisition DBAD/PUB
082 ## - DEWEY DECIMAL CLASSIFICATION NUMBER
Classification number 621.391
100 ## - MAIN ENTRY--PERSONAL NAME
Personal name Mahalakshmi, M.
245 ## - TITLE STATEMENT
Title Microprocessor and microcontroller /
Statement of responsibility, etc by M. Mahalakshmi
260 ## - PUBLICATION, DISTRIBUTION, ETC. (IMPRINT)
Place of publication, distribution, etc Erode
Name of publisher, distributor, etc Pallavi Publications S. India
Date of publication, distribution, etc 2009
270 ## - ADDRESS
Address 194, Kanna Complex, Methur Road
City Erode
Postal code 11
300 ## - PHYSICAL DESCRIPTION
Extent 124p.:
Other physical details ill.
Dimensions 20cm (pbk)
650 ## - SUBJECT ADDED ENTRY--TOPICAL TERM
Topical term or geographic name as entry element Microprocessor and microcontroller
942 ## - ADDED ENTRY ELEMENTS (KOHA)
Source of classification or shelving scheme Dewey Decimal Classification
Item type English Books
Classification part 621.391
Call number suffix VAL
Holdings
Withdrawn status Lost status Not for loan Collection code Home library Current library Date acquired Source of acquisition Cost, normal purchase price Full call number Barcode Copy number Cost, replacement price Koha item type
    Not For Loan Non-fiction D.B.Act.Division D.B.Act.Division 12/08/2010 DBAD/PUB 95.00 621.391 VAL EN-83575 1 95.00 English Books

© Delhi Public Library
Hit Counter
free hit counter